<?xml version="1.0" encoding="UTF-8"?>
<record
    xmlns:xsi="http://www.w3.org/2001/XMLSchema-instance"
    xsi:schemaLocation="http://www.loc.gov/MARC21/slim http://www.loc.gov/standards/marcxml/schema/MARC21slim.xsd"
    xmlns="http://www.loc.gov/MARC21/slim">

  <leader>00769    a2200181   4500</leader>
  <controlfield tag="001">140471</controlfield>
  <datafield tag="040" ind1=" " ind2=" ">
    <subfield code="c">Leonardo Da Vinci</subfield>
  </datafield>
  <datafield tag="041" ind1=" " ind2=" ">
    <subfield code="a">Portugu&#xEA;s</subfield>
  </datafield>
  <datafield tag="082" ind1=" " ind2=" ">
    <subfield code="a">372.981 A353h</subfield>
    <subfield code="b">A353h</subfield>
  </datafield>
  <datafield tag="100" ind1=" " ind2=" ">
    <subfield code="a">ALENCAR, &#xC1;lvaro Duarte</subfield>
  </datafield>
  <datafield tag="245" ind1=" " ind2=" ">
    <subfield code="a">Hist&#xF3;ria do Brasil</subfield>
    <subfield code="b">evolu&#xE7;&#xE3;o econ&#xF4;mica, pol&#xED;tica e social; 5&#xAA; s&#xE9;rie</subfield>
  </datafield>
  <datafield tag="250" ind1=" " ind2=" ">
    <subfield code="a">17.ed</subfield>
  </datafield>
  <datafield tag="260" ind1=" " ind2=" ">
    <subfield code="b">Saraiva</subfield>
    <subfield code="c">1989</subfield>
    <subfield code="a">S&#xE3;o Paulo</subfield>
  </datafield>
  <datafield tag="300" ind1=" " ind2=" ">
    <subfield code="a">112</subfield>
  </datafield>
  <datafield tag="362" ind1=" " ind2=" ">
    <subfield code="a">19890000</subfield>
  </datafield>
  <datafield tag="697" ind1=" " ind2=" ">
    <subfield code="a">Hist&#xF3;ria</subfield>
    <subfield code="a">Descobrimento do Brasil</subfield>
    <subfield code="a">Expedi&#xE7;&#xE3;o</subfield>
    <subfield code="a">Capitanias heredit&#xE1;rias</subfield>
    <subfield code="a">Economia brasileira</subfield>
    <subfield code="a">Dom&#xED;nio espanhol</subfield>
    <subfield code="a">Invas&#xE3;o holandesa</subfield>
    <subfield code="a">Tr&#xEA;s povos</subfield>
    <subfield code="a">Sert&#xE3;o</subfield>
    <subfield code="a">Jesu&#xED;tas</subfield>
    <subfield code="a">Pecu&#xE1;ria</subfield>
    <subfield code="a">Sert&#xE3;o</subfield>
    <subfield code="a">Bandeirantes</subfield>
    <subfield code="a">Minera&#xE7;&#xE3;o</subfield>
    <subfield code="a">Conjura&#xE7;&#xE3;o mineira</subfield>
    <subfield code="a">Conjura&#xE7;&#xE3;o baiana</subfield>
    <subfield code="a">Independ&#xEA;ncia pol&#xED;tica</subfield>
    <subfield code="a">Brasil</subfield>
    <subfield code="a">Ensino Fundamental 2. ciclo</subfield>
  </datafield>
  <datafield tag="942" ind1=" " ind2=" ">
    <subfield code="c">BK</subfield>
  </datafield>
  <datafield tag="952" ind1=" " ind2=" ">
    <subfield code="0">0</subfield>
    <subfield code="1">0</subfield>
    <subfield code="4">0</subfield>
    <subfield code="7">0</subfield>
    <subfield code="a">71.1</subfield>
    <subfield code="b">71.1</subfield>
    <subfield code="d">2024-03-27</subfield>
    <subfield code="l">0</subfield>
    <subfield code="o">372.981 A353h</subfield>
    <subfield code="p">O005772</subfield>
    <subfield code="r">2024-03-27 22:45:20</subfield>
    <subfield code="w">2024-03-27</subfield>
    <subfield code="y">BK</subfield>
  </datafield>
  <datafield tag="999" ind1=" " ind2=" ">
    <subfield code="c">140471</subfield>
    <subfield code="d">140471</subfield>
  </datafield>
</record>
